| 000 | 01113nam a2200349 c 4500 | ||
|---|---|---|---|
| 001 | |||
| 003 | DO-SdBNP | ||
| 005 | 20220927090940.0 | ||
| 007 | 3765 | ||
| 008 | 111128s2011 sp a | |||| 001 0 spa | ||
| 020 | _a8430604391 | ||
| 035 | _a | ||
| 040 |
_aBPMSU _bspa _cBPMSU _e |
||
| 080 | _a | ||
| 080 | _a | ||
| 082 | 4 |
_a330.946 _bC117p 2002 _222 |
|
| 100 | 1 |
_aCabrera, Mercedes _d1951- |
|
| 245 | 1 | 3 |
_aEl poder de los empresarios : _bpolítica y economía en la España contemporánea (1875-2010) _cMercedes Cabrera y Fernando del Rey _h |
| 250 | _a | ||
| 260 |
_aBarcelona : _bTaurus, _c2002. |
||
| 300 |
_a470 p. : _bil.; _c24 cm |
||
| 490 | _a | ||
| 504 | _aBibliografía: p. 493-570 e índice | ||
| 590 | _6Inventariado, 2022/VM | ||
| 650 | 4 |
_aHistoria económica _zEspaña _y1875-2000 |
|
| 650 | 4 |
_aEmpresarios _xActividad política _zEspaña _y1875-2000 |
|
| 651 | 4 |
_aEspaña _xPolítica económica _y1875-2000 |
|
| 651 | 4 |
_aEspaña _xCondiciones económicas _xHistoria _y1875-2000 |
|
| 700 | 1 |
_aRey, Fernando del _g |
|
| 910 | _aVMateo V./Validado. | ||
| 942 |
_2ddc _cBK |
||
| 999 |
_c11271 _d11271 |
||